000 007790000a22001210004500
100 1 _aVillegas Mesa, Elkin Emilio
245 1 0 _aConsecuencias Sociales de la Ausencia del Sentimiento de Culpa
300 _aNúm.22 (agosto, 2012), Pág. 131-144
520 _aEl sentimiento de culpa aparece siempre ligado a otros conceptos, como censura, conciencia moral, ética, responsabilidad, ideal del yo, imperativo categórico, superyó, punición, angustia, deseo, castración, moción maligna, tabú, odio, padre, etc., con los cuales está en estrecha relación, y se expresa de diversas maneras, por medio "de mandatos insensatos que interrumpen sorpresivamente en el más `normal´ de los sujetos"
650 1 4 _aLa Culpa
773 0 _tRevista Tecnológico de Antioquia
942 _cANA
999 _c63551
_d63551